| 000 | 01157nam a22003615i 4500 | ||
|---|---|---|---|
| 001 | 978-1-4899-5684-2 | ||
| 003 | DE-He213 | ||
| 005 | 20250131142735.0 | ||
| 007 | cr nn 008mamaa | ||
| 008 | 131209s1967 xxu| s |||| 0|eng d | ||
| 020 |
_a9781489956842 _9978-1-4899-5684-2 |
||
| 024 | 7 |
_a10.1007/978-1-4899-5684-2 _2doi |
|
| 040 |
_aKO _beng |
||
| 041 | 0 | _aeng | |
| 082 | 0 | 4 |
_a300 _223 |
| 082 | 0 | 4 |
_a001.3 _223 |
| 100 | 1 |
_aZabetakis, M. G. _eauthor. _4aut _4http://id.loc.gov/vocabulary/relators/aut |
|
| 245 | 1 | 0 |
_aSafety with Cryogenic Fluids _h[electronic resource] / _cby M. G. Zabetakis. |
| 250 | _a1st ed. 1967. | ||
| 264 | 1 |
_aNew York, NY : _bSpringer US : _bImprint: Springer, _c1967. |
|
| 300 |
_aXV, 156 p. 16 illus. _bonline resource. |
||
| 338 | _aonline resource | ||
| 490 | 1 | _aThe International Cryogenics Monograph Series | |
| 650 | 0 | _aSocial sciences. | |
| 650 | 0 | _aHumanities. | |
| 650 | 1 | 4 | _aHumanities and Social Sciences. |
| 830 | 0 | _aThe International Cryogenics Monograph Series | |
| 856 | 4 | 0 | _uhttps://doi.org/10.1007/978-1-4899-5684-2 |
| 904 | _aRUDRA_R | ||
| 905 | _aR_RANJAN | ||
| 942 |
_2ddc _cEB |
||
| 999 |
_c3224 _d3224 |
||